header

Peer response in second language writing classrooms (Record no. 149487)

MARC details
000 -LEADER
fixed length control field 01454pam a2200373Ia 4500
082 04 - DEWEY DECIMAL CLASSIFICATION NUMBER
Classification number 418/.0071
100 1# - MAIN ENTRY--AUTHOR NAME
Personal name Liu, Jun,
245 10 - TITLE STATEMENT
Title Peer response in second language writing classrooms
260 ## - PUBLICATION, DISTRIBUTION, ETC. (IMPRINT)
Place of publication Ann Arbor :
Name of publisher University of Michigan Press,
Year of publication c2002.
300 ## - PHYSICAL DESCRIPTION
Number of Pages viii, 182 p.
650 #0 - SUBJECT ADDED ENTRY--TOPICAL TERM
Topical Term Language and languages
Topical Term Composition (Language arts)
Topical Term Rhetoric
Topical Term Group work in education.
700 1# - ADDED ENTRY--PERSONAL NAME
Personal name Hansen, Jette G.,
856 40 - ELECTRONIC LOCATION AND ACCESS
Uniform Resource Identifier http://site.ebrary.com/lib/rucke/Doc?id=10740001

No items available.

© 2026 Rongo University
Contact us: librarian | system librarian | Rongo university